Normal view
MARC view
Entry Personal Name
001 - CONTROL NUMBER
- control field: 11136
003 - CONTROL NUMBER IDENTIFIER
- control field: dpl
005 - DATE AND TIME OF LATEST TRANSACTION
- control field: 20100811151131.0
008 - FIXED-LENGTH DATA ELEMENTS
- fixed length control field: 100811|||a|||||| | ||| d
040 ## - CATALOGING SOURCE
- Original cataloging agency: dpl
- Transcribing agency: dpl
100 ## - HEADING--PERSONAL NAME
- Personal name: Iyer, G.S.
670 ## - SOURCE DATA FOUND
- Source citation: Work cat.: (dpl): Pillai, C. V. Raman 11135, Dharmaraja /, 2009
670 ## - SOURCE DATA FOUND
- Source citation: Work cat.: (dpl): Pillai, C. V. Raman 11135, Dharmaraja /, 2009
